| 000 | 00863nac a22002411u 4500 | ||
|---|---|---|---|
| 010 | _a 2007024782 | ||
| 020 | _a9780321369253 | ||
| 082 | 0 | 0 |
_a338.5 _bLIP |
| 090 |
_c7697 _d7697 |
||
| 100 | _aLipsey, Richard G., | ||
| 245 | 1 | 0 |
_aMicroeconomics / _cRichard G. Lipsey, Christopher T.S. Ragan, Paul A. Storer. |
| 250 | _a13th ed. | ||
| 260 |
_aBoston : _bPearson Addison Wesley,c2008. _cc2008. |
||
| 300 | _ap. cm. | ||
| 500 | _aDistributer: Baccah. | ||
| 511 | _aCatalogued By: Mahitab. | ||
| 650 | 0 | _aMicroeconomics. | |
| 700 | 1 | _aRagan, Christopher T. S. | |
| 700 | 1 | _aStorer, Paul A. | |
| 856 | 4 | 1 |
_3Table of contents only _uhttp://www.loc.gov/catdir/toc/ecip0720/2007024782.html |
| 942 |
_cBB _k338.5LIP |
||
| 999 |
_c7697 _d7697 |
||